| 000 | 00363nam a2200145Ia 4500 | ||
|---|---|---|---|
| 008 | 230312s9999||||xx |||||||||||||| ||und|| | ||
| 020 | _a1-59253-700-6 | ||
| 082 |
_a701.8 _bPUH-D |
||
| 100 | _aPuhalla;Dennis | ||
| 245 | 0 | _aDesign elements form & space | |
| 260 |
_brockport _achina _c2011 |
||
| 300 | _a167 | ||
| 650 |
_aArchitecture _vArchitecture |
||
| 942 | _cBK | ||
| 999 |
_c12724 _d12724 |
||